000 00401cam a2200157 4500
001 J111245
008 000000n1895 000 0 eng u
035 _a(Sirsi) u111245
050 _a346.410435
100 _aInnes, L.C.
245 2 _aA digest of the law of easements.
250 _a5th ed.
260 _aLondon
_bStevens and Sons Limited
_c1895
300 _axxviii,127p. ; 21cm.
942 _n0
999 _c101214
_d101214